000 00415nam a2200169Ia 4500
003 Ost
005 20260225132601.0
008 260225s9999||||xx |||||||||||||| ||und||
020 _a2070717011
040 _cfsic
041 _afre
082 _a791.43
100 _arené bonnell
_eAuteur
245 0 _ala vingt-cinquième image :
245 0 _bune économie de l'audiovisuel /
_crené bonnell
942 _cكتاب
999 _c34759
_d34759